Quantum Mechanics in chemistry (0 19 508200 1)
Saved in:
| Main Author: | |
|---|---|
| Format: | Book |
| Language: | Undetermined |
| Published: |
Oxford
1997
|
| Tags: |
Add Tag
No Tags, Be the first to tag this record!
|
| Institutions: | Trung tâm Học liệu Trường Đại học Cần Thơ |
|---|
| LEADER | 00406nam a2200145Ia 4500 | ||
|---|---|---|---|
| 001 | CTU_49569 | ||
| 008 | 210402s9999 xx 000 0 und d | ||
| 082 | |a 541.28 | ||
| 082 | |b S611 | ||
| 100 | |a JACK SIMONS | ||
| 245 | 0 | |a Quantum Mechanics in chemistry (0 19 508200 1) | |
| 245 | 0 | |c JACK SIMONS, Jeffs Nichols | |
| 260 | |b Oxford | ||
| 260 | |c 1997 | ||
| 980 | |a Trung tâm Học liệu Trường Đại học Cần Thơ | ||